MARC

LEADER 00000nam0a2200000 4500
001 285260
005 20231101235757.0
020 |a RU  |b 85-34981 
035 |a (RuTPU)RU\TPU\book\309495 
090 |a 285260 
100 |a 20150224d1985 k y0rusy5003 ca 
101 0 |a rus 
102 |a LV 
105 |a a z 001zy 
200 1 |a Осадочные полезные ископаемые Прибалтики и их рациональное использование  |e сборник статей  |f Всесоюзное морское научно-производственное объединение "Союзморинжгеология" ; под ред. А. Я. Биргера 
210 |a Рига  |c Зинатне  |d 1985 
215 |a 144 с.  |c ил. 
320 |a Библиогр. в конце ст. 
606 1 |a Осадочные месторождения  |2 stltpush  |3 (RuTPU)RU\TPU\subj\47522  |9 66449 
610 1 |a полезные ископаемые 
610 1 |a Прибалтика 
610 1 |a рациональное использование 
610 1 |a Латвия 
610 1 |a песчано-гравийные месторождения 
610 1 |a литологические особенности 
610 1 |a Эстония 
610 1 |a геофизические методы 
610 1 |a пермские отложения 
610 1 |a известняки 
610 1 |a горючие сланцы 
610 1 |a неоплейстоцен 
610 1 |a петрографический состав 
610 1 |a доломитовые месторождения 
610 1 |a глинистые породы 
675 |a 553.068  |v 3 
702 1 |a Биргер  |b А. Я.  |g Артур Янович  |4 340 
712 0 2 |a Всесоюзное морское научно-производственное объединение "Союзморинжгеология"  |c (Латвия, Рига)  |2 stltpush  |3 (RuTPU)RU\TPU\col\21393  |9 27994 
801 0 |a RU  |b RuMRKP  |c 19950704  |g psbo 
801 1 |a RU  |b 63413507  |c 20150224 
801 2 |a RU  |b 63413507  |c 20171222  |g RCR 
942 |c BK